000 01119nam a2200301 i 4500
003 EG-GICUC
005 20260221083350.0
008 260221s1985 -usado fr|||| 00| 0 eng d
040 _aEG-GiCUC
_beng
_cEG-GiCUC
_dEG-GiCUC
_erda
041 0 _aeng
082 0 4 _221
_a341.605699
_bIS
092 0 4 _221
099 _aLaw1 11 341.605699 IS 1985
245 0 4 _aThe Israeli Settlements In The Occupied Arab Territories :
_bA Collection Of Paper Studies Presented To The International Symposium On Israeli Settlements In The Occupied Arab Territories.
264 1 _aWashington :
_bLeague of arabs States,
_c1985.
300 _a436 pages :
_billustrations,
_c24 cm
336 _2rda content
_atext
337 _2rda media
_aComputer
338 _2rda carrier
_aOnline Resource
504 _aIncludes bibliographical references.
546 _aText in English
590 _aإهداء مكتبة الأستاذ الدكتور صلاح عامر
650 1 4 _aPublic international law
_2
651 1 _2
856 4 0 _uhttps://fll.law.cu.edu.eg/fulltext/bks/B11-08059.pdf
905 _a48
942 _2ddc
_cBK
_e21
_n0
999 _c63927
_d63927